Loading...
| Philosophy | 0 | 4 | 0 | 0 | 40 | 38 | 81.00 | 1 | 1 | 14.81 | 24.81 |
| History - European | 0 | 4 | 1 | 0 | 35 | 57 | 80.50 | 0 | 2 | 17.30 | 30.00 |
| History - Other | 0 | 4 | 1 | 0 | 35 | 71 | 84.50 | 0 | 1 | 12.51 | 23.42 |
| Social Science | 0 | 3 | 1 | 1 | 25 | 41 | 67.33 | 1 | 2 | 13.97 | 28.89 |
| History - American | 0 | 2 | 0 | 0 | 20 | 36 | 65.50 | 1 | 1 | 9.97 | 16.67 |
| Other Academic | 0 | 2 | 0 | 0 | 20 | 42 | 67.00 | 0 | 1 | 46.39 | 55.00 |
| Fine Arts - Other | 0 | 2 | 0 | 0 | 20 | 94 | 112.50 | 0 | 0 | 5.29 | 15.56 |
| History - World | 0 | 3 | 2 | 1 | 20 | 59 | 82.33 | 0 | 0 | 18.67 | 25.96 |
| Fine Arts - Classical Music | 0 | 2 | 1 | 0 | 15 | 42 | 77.50 | 0 | 0 | 8.75 | 10.71 |
| Literature - European | 0 | 2 | 1 | 0 | 15 | 113 | 123.50 | 0 | 0 | 1.95 | 7.17 |
| Mythology | 0 | 1 | 0 | 0 | 10 | 13 | 13.00 | 1 | 1 | 9.95 | 11.11 |
| Literature - British | 0 | 1 | 0 | 0 | 10 | 40 | 40.00 | 1 | 1 | 7.67 | 10.00 |
| Literature - American | 0 | 1 | 0 | 0 | 10 | 100 | 100.00 | 0 | 0 | 3.06 | 5.05 |
| Religion | 0 | 1 | 0 | 0 | 10 | 86 | 86.00 | 0 | 1 | 3.15 | 11.11 |
| Science - Chemistry | 0 | 1 | 0 | 1 | 10 | 124 | 124.00 | 0 | 0 | 0.00 | 11.11 |
| Science - Other | 0 | 1 | 1 | 0 | 5 | 101 | 101.00 | 0 | 0 | 1.00 | 3.33 |
| Geography/Current Events | 0 | 0 | 1 | 0 | -5 | 0.00 | 0 | 0 | 0.00 | 0.00 |